| 000 | 00421 a2200169 4500 | ||
|---|---|---|---|
| 020 | _a0684841479 | ||
| 024 | _a9780684841472 | ||
| 082 | _a338.9 | ||
| 090 |
_c6902 _d6902 |
||
| 100 | _aPorter,Michael E. | ||
| 245 |
_aThe Competitive Advantage of Nations. _cMichael E.Porter |
||
| 250 | _a1st. | ||
| 260 |
_aNew York _bThe Free Press _c1998 |
||
| 300 | _a855p. | ||
| 500 | _aHard cover | ||
| 942 |
_aNBS _cBK _k338.9 POR |
||
| 999 |
_c349241 _d349241 |
||